000 01459cam a2200265 i 4500
999 _c5923
_d5923
001 005480241
003 OSt
005 20251128103443.0
008 150715s2015 nyu 000 1 eng
010 _a2015026888
020 _a9780593074633
_q(pbk.)
040 _aNCNU
_beng
_eAACR2
_cNCNU
_dNCNU
_dKH8
042 _anbic
082 _aFIC KIN
100 1 _aKinsella, Sophie,
_eauthor.
245 1 0 _aShopaholic to the rescue /
_cSophie Kinsella.
260 _aLondon :
_bTransworld Publishers,
_c2015.
300 _a310 p. ;
_c22 cm.
520 _a"Becky's father Graham and her best friend's husband, Tarquin, have disappeared from Los Angeles saying simply they have "something to take care of." But Tarquin's wife Suze who is Becky's best friend, and Becky's mother Jane, are convinced the two men are hiding something and are in danger--their imaginations run wild. They must track them down! Hijinks ensue as husband Luke drives Becky, daughter Minnie, Jane, Suze and other favorite Kinsella characters across country from LA to Las Vegas in search of the missing men. Becky feels deeply guilty about ignoring her father while he was in LA, in addition Becky feels her enemy Alicia is threatening her friendship with Suze. "--
_cProvided by publisher.
650 0 _aFamily secrets
_vFiction.
650 7 _aFICTION / Humorous.
_2bisacsh.
650 7 _aFICTION / Contemporary Women.
_2bisacsh.
650 7 _aMystery fiction.
_2gsafd.
942 _2ddc
_cFIC